| 000 | 00347pab a2200145 454500 | ||
|---|---|---|---|
| 008 | 180718b2006 xxu||||| |||| 00| 0 eng d | ||
| 100 | _aKhanna, B.K. | ||
| 245 | _aAre we prepared against nuclear disasters? | ||
| 260 | _c2006 | ||
| 300 | _ap.76-84. | ||
| 362 | _aJan-Mar | ||
| 650 | _aNuclear weapons | ||
| 773 | _aUSI Journal | ||
| 909 | _a69529 | ||
| 999 |
_c69529 _d69529 |
||